| 000 | 00465nam a2200169Ia 4500 | ||
|---|---|---|---|
| 003 | SISFU | ||
| 005 | 20260212165917.0 | ||
| 008 | 200626s9999 xx 000 0 und d | ||
| 020 | _a0-86612-081-5 | ||
| 050 |
_aTX 911.3.M27 _b.G297 1994 |
||
| 100 | _aGee, Chuck Y. | ||
| 245 |
_cChuch Y. Gee.-- _aInternational hotel management/ |
||
| 260 |
_aMichigan: _bEducational Institute _c1994 |
||
| 300 | _axxii, 514 pages | ||
| 500 | _aIncludes Index | ||
| 942 |
_2lcc _cBK |
||
| 999 |
_c363831 _d363831 |
||